Premier League All Time Saves Quiz - Statistics

General Stats
  • This quiz has been taken 10 times
  • The average score is 3 of 10
Answer Stats
# of Saves Player % Correct
1157 David de Gea
89%
1095 Jordan Pickford
56%
986 Hugo Lloris
44%
941 Joe Hart
44%
1006 Petr Cech
44%
1248 Ben Foster
11%
1215 Lukasz Fabianski
11%
837 Mark Schwarzer
11%
903 Jussi Jaaskelainen
0%
992 Tim Howard
0%
No matching quizzes found
Score Distribution
Percent of People with Each Score
Percentile by Number Answered
Your Score History
You have not taken this quiz